00615nam a2200253Ia 4500008004100000020001800041050001400059100001800073245002000091245005200111260001900163260001600182260000900198300001400207300002600221300001000247500000900257650001900266650001300285650001100298650002200309700001900331700001100350181129s9999 xx 000 0 und d a9780439026147 bW749 2006 aWilson, Karma 0aMoose tracks! / 0cby Karma Wilson ; illustrated by Jack E. Davis. aNew York, NY : bScholastic, c2006 aunpaged : bcolor illustrations ; c25cm. a610L aAnimal tracks. aAnimals. aMoose. aStories in rhyme. aDavis, Jack E. aTitle.